Simpsons Valentines Quiz Stats

 Plays Quiz not verified by Sporcle

Challenge
Share
Tweet
Score 0/15 Timer 02:00
0 Plays Today
% Correct
Homer
92%
Itchy
91.7%
Milhouse
91.4%
Mr. Smithers
91.4%
Apu
89.8%
Principal Skinner
88.9%
Ned
82.8%
Lenny
82.5%
% Correct
Otto Mann
80.9%
Bart
79.4%
Cletus
78.8%
Barney
78.5%
Reverend Lovejoy
77.2%
Mrs. Krabapple
74.8%
Chief Wiggum
70.8%

You're not logged in!

Compare scores with friends on all Sporcle quizzes.
Join for Free
OR
Log In

You Might Also Like...

Show Comments

Extras

Top Quizzes Today


Score Distribution

Your Account Isn't Verified!

In order to create a playlist on Sporcle, you need to verify the email address you used during registration. Go to your Sporcle Settings to finish the process.

Report this User

Report this user for behavior that violates our Community Guidelines.

Details: